000 00641nam a2200241Ia 4500
003 OSt
005 20220918192647.0
006 a|||||r|||| 00| 0
007 ta
008 220917b |||||||| |||| 00| 0 eng d
024 _a69,464
037 _cTextual
040 _aARTS
_cARTS
_beng
041 _2eng
_aeng
082 _aQ4:364, F5;L3
100 _aLaw Bimala Churn
245 0 _aHeaven and hell in Buddhist perspective
260 _aVaranasi
_bBharatiya pub House
_c1973
300 _axii,128p.
_ccm.
650 _aRELIGION
942 _hQ4:364, F5;L3
_cTEXL
_2CC
999 _c195610
_d195610